La comarca d'Olot (Record no. 46165)

MARC details
000 -LEADER
campo de control de longitud fija 00545nam a2200169 i 4500
001 - NÚMERO DE CONTROL
campo de control 46165
003 - IDENTIFICADOR DE NÚMERO DE CONTROL
campo de control ES-MaACL
005 - FECHA Y HORA DE LA ÚLTIMA TRANSACCIÓN
campo de control 20230906161335.0
007 - CAMPO FIJO DE DESCRIPCIÓN FÍSICA--INFORMACIÓN GENERAL
campo de control de longitud fija t|
008 - DATOS DE LONGITUD FIJA--INFORMACIÓN GENERAL
campo de control de longitud fija 030328s1966 sp ||||1| cat d
245 03 - MENCIÓN DEL TÍTULO
Título La comarca d'Olot
Resto del título : una aproximació a la seva realitat económica /
Mención de responsabilidad, etc. J. Hortaláa, J. Capdevila.
260 ## - PUBLICACIÓN, DISTRIBUCIÓN, ETC.
Lugar de publicación, distribución, etc. Esplugues de Llobregat :
Nombre del editor, distribuidor, etc. Ariel,
Fecha de publicación, distribución, etc. [1966]
300 ## - DESCRIPCIÓN FÍSICA
Extensión 205 p., 4 map., 2 graf. ;
Dimensiones 23 cm.
700 1# - ENTRADA AGREGADA--NOMBRE PERSONAL
Nombre de persona Hortaláa, J.
9 (RLIN) 128034
700 1# - ENTRADA AGREGADA--NOMBRE PERSONAL
Nombre de persona Capdevila, J. María.
9 (RLIN) 34793
852 ## - LOCALIZACIÓN
Ubicación ES-MaACL
Número de control de estantería C-31561
Sublocalización o colección R.61998
Holdings
Estatus retirado Estado de pérdida Estado de daño No para préstamo Biblioteca de origen Biblioteca actual Ubicación en estantería Fecha de adquisición Fuente de adquisición Total de préstamos Signatura topográfica completa Código de barras Visto por última vez Precio de reemplazo Tipo de ítem Koha
        Biblioteca del Ateneo de Madrid Biblioteca del Ateneo de Madrid Depósito 2 17/01/2008     C-31561 1048561 23/02/2023 23/02/2023 Libro impreso